Best friends 1

Shranjeno v:
Bibliografske podrobnosti
Glavni avtor: Sileci, Susan Banman
Format: Knjiga
Jezik:Undetermined
Izdano: London McGraw-Hill 2002
Teme:
Oznake: Označite
Brez oznak, prvi označite!
Thư viện lưu trữ: Trung tâm Học liệu Trường Đại học Cần Thơ
LEADER 00541nam a2200205Ia 4500
001 CTU_129874
008 210402s9999 xx 000 0 und d
020 |c 19.36 
082 |a 372.6 
082 |b S582/Vol.1 
100 |a Sileci, Susan Banman 
245 0 |a Best friends 1 
245 0 |c Susan Banman Sileci 
260 |a London 
260 |b McGraw-Hill 
260 |c 2002 
650 |a English language,English language 
650 |x Elementary education 
904 |i Giang 
980 |a Trung tâm Học liệu Trường Đại học Cần Thơ